Coping on wome's backs: social capital-vulnerability links through a gender lens /
Na minha lista:
| Autor principal: | |
|---|---|
| Outros Autores: | |
| Formato: | Texto |
| Tags: |
Adicionar Tag
Sem tags, seja o primeiro a adicionar uma tag!
|
MARC
| LEADER | 00000 a a2200000 04500 | ||
|---|---|---|---|
| 001 | 45294 | ||
| 003 | |||
| 040 | |||
| 100 | |a Thieme, Susan | ||
| 245 | |a Coping on wome's backs: |b social capital-vulnerability links through a gender lens / |c Susan Thieme, Karin Astrid Siegmann | ||
| 700 | |a Siegmann, Karin Astrid | ||
| 773 | |g volumen58, número5 (2010) | ||
| 999 | |c 39569 |d 39569 | ||
